000 00640nam a2200205 a 4500
005 20230311063720.0
008 991125s1998 bar 000 0 spa u
020 _a8449304946
035 _aUPN01000016608
049 _aCG
050 4 _aHV6626.5
_aB3.3
100 1 _aBarudy Labrin, Jorge
_933731
245 1 3 _aEl dolor invisible de la infancia :
_buna lectura ecosistémica del maltrato infantil /
_cJorge Barudy Labrin.
260 _aBarcelona, Esp. :
_bPaidós,
_c1998.
300 _a305 p.
440 0 _aPaidós terapia familiar ;
_v74
650 4 _aAbuso de niños
_971
650 4 _aCRUELDAD CON LOS NIÑOS
_911752
905 _aLibro
999 _c16608
_d16608